banner-ar

معجم انثروبولوجيا المسرح / (Record no. 9054)

MARC details
000 -الفاتح
حقل البيانات ثابتة الطول 00786nam a2200217Ia 4500
008 - عناصر البيانات ثابتة الطول - معلومات عامة
حقل البيانات ثابتة الطول 140319s9999 xx 000 0 ara d
020 ## - الرقم الدولى المعيارى للكتب
الرقم الدولى المعيارى للكتاب 2039437977
040 ## - مصدر الفهرسة
وكالة الفهرسة الأصلية GCL /
وكالة النسخ GCL
082 04 - رقم تصنيف ديوى العشرى
رقم التصنيف 792.015
رقم المادة ب م
100 1# - المدخل الرئيسى - إسم شخصى
الإسم الشخصى عبدالمعطى شعراوى
245 10 - بيان العنوان
العنوان معجم انثروبولوجيا المسرح /
بيان المسئوليه,etc عبدالمعطى شعراوى
700 1# - المدخل الاضافى - اسم شخصى
الإسم الشخصى امين حسين الرباط
700 1# - المدخل الاضافى - اسم شخصى
الإسم الشخصى باربا، اوجينيو
700 1# - المدخل الاضافى - اسم شخصى
الإسم الشخصى سافاريس، نيكولا
260 ## - PUBLICATION, DISTRIBUTION, ETC. (IMPRINT)
تاريخ النشر أو التوزيع 2006
300 ## - الوصف المادى
التعداد 760 ص ؛
أبعاد الوعاء 26 سم
650 04 - المدخل الاضافى بالموضوع-مصطلح موضوعى
مصطلح موضوعي التذوق المسرحى
650 04 - المدخل الاضافى بالموضوع-مصطلح موضوعى
مصطلح موضوعي الفنون المسرحية
942 ## - عناصر المدخل الإضافي( كوها)
مصدر التصنيف او مخطط الترفيف Dewey Decimal Classification
Koha [default] item type كتاب
260 ## - PUBLICATION, DISTRIBUTION, ETC. (IMPRINT)
-- القاهرة :
-- وزارة الثقافة - مهرجان القاهرة الدولى للمسرح التجريبى ،
Holdings
حالة التراجع حالة الفقد حالة تلف ليس للاعارة المكان المؤقت الموقع الحالى تاريخ الاكتساب اجمالي اﻻعارات رقم الطلب الباركود تاريخ اخر مشاهدة تاريخ تفعيل السعر نوع وعاء كوها
        مكتبة القاهرة الكبرى مكتبة القاهرة الكبرى 03/26/2014   792.015\ب م 18887 03/26/2014 03/26/2014 كتاب
        مكتبة القاهرة الكبرى مكتبة القاهرة الكبرى 03/26/2014   792.015\ب م 18888 03/26/2014 03/26/2014 كتاب

Powered By

EGPV